| 000 | 00728nam a22002177a 4500 | ||
|---|---|---|---|
| 003 | UA-OsUOA | ||
| 001 | 39319 | ||
| 007 | ta | ||
| 008 | 20060614b un ||||| |||| 00| 0 ukr d | ||
| 100 | _aСлепцова Е.В. | ||
| 090 |
_a81 _bС11 |
||
| 942 | _cSA | ||
| 040 |
_aUA-OsUOA _bukr _cUA-OsUOA _dUA-OsUOA |
||
| 245 | _aЗаимстования, их роль и место в системе современного немецкого языка | ||
| 300 | _aС.67-72 | ||
| 955 | _a0 | ||
| 041 | _aukr | ||
| 080 | _a81 | ||
| 773 | 0 |
_w39318 _tИностранные языки в школе _dМ. _d2006 _g2 |
|
| 650 | 7 |
_a8 Мовознавство. Художня література. Літературознавство _2UDC |
|
| 999 |
_c325459 _d325459 |
||